<?xml version="1.0" encoding="UTF-8"?>
<record
    xmlns:xsi="http://www.w3.org/2001/XMLSchema-instance"
    xsi:schemaLocation="http://www.loc.gov/MARC21/slim http://www.loc.gov/standards/marcxml/schema/MARC21slim.xsd"
    xmlns="http://www.loc.gov/MARC21/slim">

  <leader>01441nam a22001577a 4500</leader>
  <controlfield tag="003">SGT</controlfield>
  <datafield tag="020" ind1=" " ind2=" ">
    <subfield code="a">9789332902572</subfield>
  </datafield>
  <datafield tag="100" ind1=" " ind2=" ">
    <subfield code="a">CHANDRA,PRASANNA</subfield>
  </datafield>
  <datafield tag="245" ind1=" " ind2=" ">
    <subfield code="a">PROJECT</subfield>
    <subfield code="b">PLANNING ANALYSIS,SELECTION,FINANCING,IMPLEMENTATION,AND REVIEW</subfield>
  </datafield>
  <datafield tag="250" ind1=" " ind2=" ">
    <subfield code="a">8TH</subfield>
  </datafield>
  <datafield tag="260" ind1=" " ind2=" ">
    <subfield code="a">NEW DELHI</subfield>
    <subfield code="b">TMH</subfield>
    <subfield code="c">2014</subfield>
  </datafield>
  <datafield tag="300" ind1=" " ind2=" ">
    <subfield code="a">V.P</subfield>
  </datafield>
  <datafield tag="650" ind1=" " ind2=" ">
    <subfield code="a">MANAGEMENT</subfield>
  </datafield>
  <datafield tag="653" ind1=" " ind2=" ">
    <subfield code="a">PART I: PLANNING  1. OVERVIEW  2. STRATEGY AND RESOURCE ALLOCATION  3. GENERATION AND SCREENING OF PROJECT IDEAS PART II: ANALYSIS  4. MARKET AND DEMAND ANALYSIS  5. TECHNICAL ANALYSIS  6. FINANCIAL ESTIMATES AND PROJECTIONS PART III: SELECTION I  7. THE TIME VALUE OF MONEY  8. INVESTMENT CRITERIA  9. PROJECT CASH FLOWS  10. THE COST OF CAPITAL  11. PROJECT RISK ANALYSIS PART IV: SELECTION II  12. PROJECT RATE OF RETURN  13. SPECIAL DECISIONS SITUATIONS  14. SOCIAL COST BENEFIT ANALYSIS  15. MULTIPLE PROJECTS AND CONSTRAINTS  16. VALUATION OF REAL OPTIONS  17. JUDGEMENTAL, BEHAVIOURAL, STRATEGIC, AND ORGANISATIONAL CONSIDERATIONS PART V: FINANCING  18. FINANCING OF PROJECTS  19. FINANCING INFRASTRUCTURE PROJECTS  20. VENTURE CAPITAL AND PRIVATE EQUITY PART VI: IMPLEMENTATION  21. PROJECT MANAGEMENT  22. NETWORK TECHNIQUES FOR PROJECT MANAGEMENT PART VII: REVIEW  23. PROJECT REVIEW AND ADMINISTRATIVE ASPECTS  APPENDIX A: TABLES  APPENDIX B: ASSESSING THE TAX BURDEN  APPENDIX C: ENVIRONMENTAL IMPACT ASSESSMENT  APPENDIX D: DETAILED PROJECT REPORT  BIBLIOGRAPHY</subfield>
  </datafield>
  <datafield tag="942" ind1=" " ind2=" ">
    <subfield code="2">ddc</subfield>
    <subfield code="c">FCM</subfield>
  </datafield>
  <datafield tag="999" ind1=" " ind2=" ">
    <subfield code="c">8918</subfield>
    <subfield code="d">8918</subfield>
  </datafield>
</record>
